000 00288nam a2200121Ia 4500
008 190216s9999||||xx |||||||||||||| ||und||
100 _aDaniel Danin
245 0 _aProbabiloities Of Quantum World
260 _bMir Pubs Moscow
_c1983
300 _a268 p
650 _aPhysics
942 _cBK
999 _c33205
_d33205